Vista normal Vista MARC

Entrada Topical Term

Número de registros utilizados en: 1

001 - CONTROL NUMBER

  • control field: 9750

003 - CONTROL NUMBER IDENTIFIER

  • control field: OSt

005 - DATE AND TIME OF LATEST TRANSACTION

  • control field: 20200903150728.0

008 - FIXED-LENGTH DATA ELEMENTS

  • fixed length control field: 200903|| aca||aabn | a|a d

040 ## - CATALOGING SOURCE

  • Original cataloging agency: OSt
  • Transcribing agency: OSt

150 ## - HEADING--TOPICAL TERM

  • Topical term or geographic name entry element: Crímenes de lesa humanidad
  • Geographic subdivision: El Salado (Bolívar, Colombia)

670 ## - SOURCE DATA FOUND

  • Source citation: Work cat.: (OSt)3434: Martín Franco, Iván Bernal, autor 9748, Postales desde el Salado : , 2017